01374 a2200181 45000010006000000050017000060080041000230030015000640400040000790800071001192450028001900200018002182640038002363000019002745050779002931000021010728560099010934747820260407155741.0260407a1976 arg spa dAR-UNSa-BCEJYS aAR-UNSa-BCEJYSbspacAR-UNSa-BCEJYS a330.567.2xGastos. Consumo. Ahorro. Economía de los particulares10aLa teoría del consumo a84-206-2163-3 1aMadrid :bAlianza Editorialc1976 a368 p.c20 cm. a1. Introducción -- Primera Parte: CONCEPTOS FUNDAMENTALE: 2. El consumidor racional - 3. Las preferencias del consumidor - 4. Funciones de demanda - 5. Efectos de los cambios de precio -- Segunda Parte: DE LA UTILIDAD: 6. Utilidad y preferencia - 7. Utilidad y elección - 8. Dos enfoques alternativos -- Tercera Parte: DE LA TEORÍA PURA A LA TEORÍA APLICADA: 9. Medición de las funciones de demanda - 10. Bienes relacionados y características -- Cuarta Parte: EL TIEMPO: 11. Problemas a corto plazo - 12. Problemas a largo plazo -- Quinta Parte: LA INCERTIDUMBRE: 13. Incertidumbre y utilidad - 14. La incertidumbre y el consumidor - 15. La teoría de la preferencia de situación -- Sexta Parte: LA SOCIEDAD: 16. Consumo y bienestar - 17. Conclusión. 1 aGreen, H.A. John41uhttps://www.biblioeco.unsa.edu.ar/pmb/images/libros/L127518.jpgyImagen de portadaqimage/jpeg